Viejos retratos amigos / (Registro nro. 115991)

Detalles MARC
000 -LEADER
campo de control de longitud fija 00568nam a2200181 4500
001 - NÚMERO DE CONTROL
campo de control 115991
003 - IDENTIFICADOR DE NÚMERO DE CONTROL
campo de control ES-MaACL
005 - FECHA Y HORA DE LA ÚLTIMA TRANSACCIÓN
campo de control 20230906190617.0
007 - CAMPO FIJO DE DESCRIPCIÓN FÍSICA--INFORMACIÓN GENERAL
campo de control de longitud fija t|
008 - DATOS DE LONGITUD FIJA--INFORMACIÓN GENERAL
campo de control de longitud fija 061121s1949 sp r ||||1| spa d
100 1# - ENTRADA PRINCIPAL--NOMBRE DE PERSONA
Nombre de persona Ortiz de Pinedo, José.
9 (RLIN) 87603
245 10 - MENCIÓN DEL TÍTULO
Título Viejos retratos amigos /
Mención de responsabilidad, etc. José Ortiz de Pinedo.
260 ## - PUBLICACIÓN, DISTRIBUCIÓN, ETC.
Lugar de publicación, distribución, etc. Madrid :
Nombre del editor, distribuidor, etc. Sociedad General Española de Librería,
Fecha de publicación, distribución, etc. 1949.
300 ## - DESCRIPCIÓN FÍSICA
Extensión 158 p. ;
Dimensiones 20 cm.
710 2# - ENTRADA AGREGADA--NOMBRE DE ENTIDAD CORPORATIVA
Nombre de entidad corporativa o nombre de jurisdicción como elemento de entrada Sociedad General Española de Librería.
9 (RLIN) 6774
852 ## - LOCALIZACIÓN
Ubicación ES-MaACL
Número de control de estantería B-12828
Sublocalización o colección R.27118
852 ## - LOCALIZACIÓN
Ubicación ES-MaACL
Número de control de estantería B-12841
Sublocalización o colección R.27022
Existencias
Estatus retirado Estado de pérdida Estado de daño No para préstamo Biblioteca de origen Biblioteca actual Ubicación en estantería Fecha de adquisición Fuente de adquisición Total de préstamos Signatura topográfica completa Código de barras Visto por última vez Precio de reemplazo Tipo de ítem Koha
        Biblioteca del Ateneo de Madrid Biblioteca del Ateneo de Madrid Sala Pardo Bazán 17/01/2008     B-12841 1120958 23/02/2023 23/02/2023 Libro impreso
        Biblioteca del Ateneo de Madrid Biblioteca del Ateneo de Madrid Sala Pardo Bazán 17/01/2008     B-12828 1120957 23/02/2023 23/02/2023 Libro impreso